The image processing handbook

Every person who uses computer image processing, who is planning to use image processing, who is involved in the purchase of computer systems of software that involve image processing should read this book.

Uloženo v:
Podrobná bibliografie
Hlavní autor: John C Russ
Médium: Kniha
Jazyk:Undetermined
Vydáno: Florida CRC 1995
Témata:
Tagy: Přidat tag
Žádné tagy, Buďte první, kdo otaguje tento záznam!
Thư viện lưu trữ: Trung tâm Học liệu Trường Đại học Cần Thơ
LEADER 00724nam a2200205Ia 4500
001 CTU_15306
008 210402s9999 xx 000 0 und d
020 |b MHO5 
082 |a 621.367 
082 |b R958 
100 |a John C Russ 
245 4 |a The image processing handbook 
245 0 |c John C Russ 
260 |a Florida 
260 |b CRC 
260 |c 1995 
520 |a Every person who uses computer image processing, who is planning to use image processing, who is involved in the purchase of computer systems of software that involve image processing should read this book. 
650 |a image processing 
904 |i Nguyễn Quang Điền, 961224 
980 |a Trung tâm Học liệu Trường Đại học Cần Thơ